An introduction to non-Euclidean geometry

Αποθηκεύτηκε σε:
Λεπτομέρειες βιβλιογραφικής εγγραφής
Κύριος συγγραφέας: Gans, David 1907-
Μορφή: Βιβλίο
Γλώσσα:English
Δημοσίευση: New York : Academic Press, [1973]
Θέματα:
Ετικέτες: Προσθήκη ετικέτας
Δεν υπάρχουν, Καταχωρήστε ετικέτα πρώτοι!

MARC

LEADER 00000cam a2200000 i 4500
001 1/60576
008 941103s1973 eng d
020 |a 0122748506 
035 |l 10046284 
040 |a GR-MY-UA  |b gre  |e aacr 
041 0 |a eng 
082 0 |a 516.9 
100 1 |a Gans, David  |d 1907- 
245 1 3 |a An introduction to non-Euclidean geometry /  |c David Gans 
260 |a New York :   |b Academic Press,   |c [1973] 
300 |a xii, 274 p.;  |b ill.;  |c 24 cm. 
500 |a Includes bibliography ( p. 263 ) 
650 0 0 |a Geometry, Non-Euclidean. 
852 |a INST  |b SAMOS  |e 19941103  |h 516.9 GAN  |p 005300001181  |q 005300001181  |t BK  |y 0 
909 |a Σ  |b 009360